000 00656nam a2200253Ia 4500
003 OSt
005 20221007100434.0
006 a|||||r|||| 00| 0
007 ta
008 221006b |||||||| |||| 00| 0 eng d
024 _a4,408
037 _cTextual
040 _aLCO
_cLCO
_beng
041 _2eng
_aeng
082 _a58, K1
100 _aBERG Irwin
_9701684
245 0 _aConformity and deviation
260 _aNew
_bYork Harper & Bros.
_c1961
300 _a449
650 _aCONFORMITY AND DIVIATION
_9701685
700 _a BASS Bernard M
942 _h58, K1
_cTEXL
999 _c1173971
_d1173971